00343 a2200109 450000100060000008200160000610000380002224501030006026000320016330000150019550000230021090516 a613.283 ALL aAllan Christian B ; Wolfgang Lutz aLife without breadbHow can a low carbohydrate diet can save your lifecChristian B AllanhEnglish aNew YorkbMcGraw Hillc2000 axiv, 240p. aGeneral Collection